000 00488cam a22001217a 4500
008 180718b1966 xxu||||| |||| 00| 0 eng d
082 _aP065x5452 In2 65.6
245 _aEducational statistics district-wise, 1956-66
_cby Ministry Of Eduaction & Youth Services
260 _aNew Delhi
_bMinistry Of Eduaction & Youth Services
_c1966
300 _a14v, ii, 110p
650 _aEducation --India --Tamil Nadu --Statistics --Periodicals.
700 _aIndia. Ministry Of Eduaction & Youth Services
999 _c413744
_d413744